000 002260000a22000970004500
100 1 _aWilcock, Michael
245 1 0 _aAll the right procedures
300 _aVol. 10, Núm 2 (1992), Páginas 3-5
773 0 _tEvangel
942 _cANA
999 _c54250
_d54250